Operational plan.

Bibliographic Details
Previous Title:USAID/Croatia. Annual report
Corporate Author: USAID/Croatia
Format: Government Document Serial
Language:English
Published: [Washington, D.C.] : [U.S. Agency for International Development]
Subjects:
Online Access:https://purl.fdlp.gov/GPO/LPS112163

MARC

Tag First Indicator Second Indicator Subfields
LEADER 00000cas a2200000 a 4500
001 in00002492429
005 20211202191525.0
006 m |
007 cr |||||||||||
008 090504d20062006dcu|| |s f| 0eng c
010 |a  2009231048 
035 |a (OCoLC)ocn320072993 
037 |b USAID Development Experience Clearinghouse, M/CIO/KM, RRB M.01, U.S. Agency for International Development, Washington DC 20523 
040 |a GPO  |c GPO  |d DOS  |d GPO  |d MvI  |d UtOrBLW 
042 |a pcc 
043 |a e-ci--- 
049 |a WWW 
050 4 |a DR1502  |b .U83a 
074 |a 0900-I-18 (online) 
086 0 |a ID 1.27:C 87/ 
110 2 |a USAID/Croatia. 
245 1 0 |a Operational plan. 
264 1 |a [Washington, D.C.] :  |b [U.S. Agency for International Development] 
300 |a 1 volume :  |b digital, PDF file. 
310 |a Annual 
336 |a text  |b txt  |2 rdacontent 
337 |a computer  |b c  |2 rdamedia 
338 |a online resource  |b cr  |2 rdacarrier 
362 1 |a Began and ceased with: FY 2006. 
538 |a Mode of access: Internet from the USAID Development Experience Clearinghouse. Address as of 5/1/09: http://dec.usaid.gov/index.cfm?p=search.sqlSearch ; current access available via PURL. 
500 |a Description based on: FY 2006; title from title screen (viewed on May 1, 2009). 
500 |a Latest issue consulted: FY 2006. 
500 |a Electronic resource. 
610 2 0 |a USAID/Croatia  |v Periodicals. 
650 0 |a Economic assistance  |z Croatia  |v Periodicals. 
651 0 |a Croatia  |v Periodicals. 
780 0 0 |a USAID/Croatia.  |t Annual report  |w (DLC) 2009231047  |w (OCoLC)320072455 
856 4 0 |u https://purl.fdlp.gov/GPO/LPS112163  |t 0 
999 |a MARS 
999 f f |s 24212a19-4a69-3f16-ab71-11e98b63d9fa  |i 759ce78d-44b7-3c65-b5f4-60d65831ccef  |t 0 
952 f f |a Texas A&M University  |b College Station  |c Electronic Resources  |d Available Online  |t 0  |e ID 1.27:C 87/  |h Superintendent of Documents classification 
998 f f |a ID 1.27:C 87/  |t 0  |l Available Online